[Event "Cappelle-la-Grande 2014"]
[Site "Cappelle-la-Grande (FRA)"]
[Date "????.??.??"]
[Round "9.26"]
[White "Kveinys, Aloyzas"]
[Black "Kukov, Velislav"]
[Result "1-0"]
[WhiteElo "2530"]
[BlackElo "2399"]
[PlyCount "53"]

1. d4 f5 2. e4 fxe4 3. Nc3 Nf6 4. Bg5 g6 5. h4 Bg7 6. h5 d5 7. Be2 Nc6 8. Qd2
h6 9. Bxf6 exf6 10. hxg6 f5 11. Bb5 Qd6 12. Nge2 Bd7 13. Bxc6 Bxc6 14. Nf4
O-O-O 15. g3 Be8 16. Ncxd5 c6 17. Ne3 Bxg6 18. O-O-O Kb8 19. Qa5 Qf6 20. Qe5+
Qxe5 21. dxe5 Rxd1+ 22. Rxd1 Bh7 23. e6 Be5 24. Rd7 Kc8 25. Rf7 Bxf4 26. gxf4
Bg6 27. Rg7 1-0

[Event "Cappelle-la-Grande 2014"]
[Site "Cappelle-la-Grande (FRA)"]
[Date "????.??.??"]
[Round "9.27"]
[White "Hovhanisian, Mher"]
[Black "Yagupov, Igor"]
[Result "1-0"]
[WhiteElo "2526"]
[BlackElo "2393"]
[PlyCount "81"]

1. c4 e6 2. Nc3 d5 3. e3 Nf6 4. Nf3 c6 5. b3 Bd6 6. Bb2 O-O 7. Qc2 e5 8. cxd5
cxd5 9. Nb5 Nc6 10. Nxd6 Qxd6 11. Bb5 Nb4 12. Qc1 Bd7 13. Bxe5 Qb6 14. a3 Rfc8
15. Bc3 Bxb5 16. axb4 Ne4 17. Qb2 Qg6 18. Nd4 Qxg2 19. O-O-O Bd3 20. f3 Nf2 21.
Rdg1 Qh3 22. Rg3 Qh5 23. Rhg1 Bg6 24. Qa1 Nd3+ 25. Kd1 Qxh2 26. R1g2 Qh4 27.
Ke2 Re8 28. Rg4 Qd8 29. Nf5 h5 30. Rxg6 Nf4+ 31. Kf1 Nxg6 32. Bxg7 Kh7 33. Bf6
Qc7 34. Rg5 Re6 35. Qd4 Qb6 36. Rxh5+ Kg8 37. Nh6+ Kf8 38. Bg7+ Ke8 39. Qg4 Rd8
40. Qf5 Ne7 41. Qxf7+ 1-0

[Event "Cappelle-la-Grande 2014"]
[Site "Cappelle-la-Grande (FRA)"]
[Date "????.??.??"]
[Round "9.33"]
[White "Bailet, Pierre"]
[Black "Martynov, Pavel"]
[Result "0-1"]
[WhiteElo "2477"]
[BlackElo "2352"]
[PlyCount "56"]

1. Nf3 Nf6 2. c4 c6 3. d4 d5 4. e3 Bf5 5. Nc3 e6 6. Nh4 Bg6 7. Be2 Bd6 8. O-O
Ne4 9. g3 Nxc3 10. bxc3 Nd7 11. cxd5 cxd5 12. c4 dxc4 13. Nxg6 hxg6 14. Bxc4
Rc8 15. Bb3 Qf6 16. e4 g5 17. Be3 Qg6 18. Rc1 Rxc1 19. Qxc1 Qh5 20. h4 gxh4 21.
Bd1 Qh7 22. Ba4 Kd8 23. Bg5+ f6 24. Bxh4 Qxe4 25. Re1 Qxd4 26. Rxe6 Nc5 27. Qe1
Nxe6 28. Qxe6 Bxg3 0-1

[Event "Cappelle-la-Grande 2014"]
[Site "Cappelle-la-Grande (FRA)"]
[Date "????.??.??"]
[Round "9.37"]
[White "Shvayger, Yuliya"]
[Black "Cornette, Matthieu"]
[Result "1-0"]
[WhiteElo "2307"]
[BlackElo "2566"]
[PlyCount "45"]

1. e4 c5 2. Nf3 Nc6 3. Bb5 e6 4. O-O Nge7 5. Re1 Nd4 6. Nc3 a6 7. Bd3 Nec6 8.
b3 Qc7 9. Bb2 Bd6 10. Nd5 exd5 11. exd5+ Ne7 12. Nxd4 cxd4 13. Bxd4 O-O 14.
Bxg7 Ng6 15. Bxf8 Bxf8 16. Re8 d6 17. Qh5 Kg7 18. Rae1 Rb8 19. f4 f6 20. R1e3
Qc5 21. Kf1 Qd4 22. Bxg6 Qxf4+ 23. Kg1 1-0

[Event "Cappelle-la-Grande 2014"]
[Site "Cappelle-la-Grande (FRA)"]
[Date "????.??.??"]
[Round "9.38"]
[White "Nanjo, Ryosuke"]
[Black "Djukic, Nikola"]
[Result "1/2-1/2"]
[WhiteElo "2307"]
[BlackElo "2551"]
[PlyCount "58"]

1. e4 c5 2. Nf3 Nc6 3. d4 cxd4 4. Nxd4 Nf6 5. Nc3 d6 6. Bg5 e6 7. Qd2 a6 8.
O-O-O Bd7 9. f3 h6 10. Be3 b5 11. g4 Ne5 12. a3 Qc7 13. h4 g6 14. g5 hxg5 15.
Bxg5 Nh7 16. Be2 Nxg5 17. hxg5 Rxh1 18. Rxh1 Nc4 19. Bxc4 Qxc4 20. Rh7 Qf1+ 21.
Nd1 e5 22. Nf5 gxf5 23. Qd5 O-O-O 24. Qa8+ Kc7 25. Qa7+ Kc8 26. Qxa6+ Kc7 27.
Qa5+ Kc8 28. Qa8+ Kc7 29. Qa5+ Kc8 1/2-1/2

[Event "Cappelle-la-Grande 2014"]
[Site "Cappelle-la-Grande (FRA)"]
[Date "????.??.??"]
[Round "9.41"]
[White "Rombaldoni, Axel"]
[Black "Fuchs, Judith"]
[Result "1-0"]
[WhiteElo "2518"]
[BlackElo "2315"]
[PlyCount "59"]

1. d4 Nf6 2. c4 c5 3. d5 b5 4. cxb5 a6 5. b6 d6 6. Nc3 Nbd7 7. Nf3 Rb8 8. e4 g6
9. Bd3 Bg7 10. Qe2 Rxb6 11. Nd2 Ne5 12. Bc2 Nh5 13. Ba4+ Kf8 14. Nc4 Nxc4 15.
Qxc4 Rb4 16. Qd3 Be5 17. a3 Rd4 18. Qf3 Nf6 19. Bc2 h5 20. h3 Kg7 21. Qe2 Qa5
22. O-O Nh7 23. f4 Bf6 24. e5 dxe5 25. fxe5 Bg5 26. Bxg5 Nxg5 27. Qe3 Nh7 28.
Rf2 Rf8 29. Raf1 Qd8 30. Qg3 1-0

[Event "Cappelle-la-Grande 2014"]
[Site "Cappelle-la-Grande (FRA)"]
[Date "????.??.??"]
[Round "9.42"]
[White "Chernyshov, Konstantin"]
[Black "Kalinina, Olga"]
[Result "1-0"]
[WhiteElo "2504"]
[BlackElo "2303"]
[PlyCount "77"]

1. c4 e5 2. Nc3 d6 3. d4 exd4 4. Qxd4 Nc6 5. Qd2 Be6 6. b3 Nf6 7. e4 a5 8. a4
Nxe4 9. Nxe4 d5 10. cxd5 Bb4 11. Nc3 Qf6 12. Bb2 O-O-O 13. Bc4 Bxd5 14. Bxd5
Nd4 15. Nge2 Rxd5 16. Nxd4 Re8+ 17. Kf1 Rxd4 18. Qc2 Qc6 19. h4 Red8 20. Rh3
Rd2 21. Qf5+ Kb8 22. Rb1 g6 23. Qb5 Rxf2+ 24. Kxf2 Bc5+ 25. Kf1 Qf6+ 26. Rf3
Qd4 27. Rd1 Qg1+ 28. Ke2 Qxg2+ 29. Ke1 Qh1+ 30. Qf1 Qxh4+ 31. Rf2 Re8+ 32. Ne2
Qb4+ 33. Rd2 Qh4 34. Bf6 Qb4 35. Rf3 Re6 36. Rfd3 Ka7 37. Kd1 b6 38. Qf3 Bd6
39. Nd4 1-0

[Event "Cappelle-la-Grande 2014"]
[Site "Cappelle-la-Grande (FRA)"]
[Date "????.??.??"]
[Round "9.43"]
[White "Wan, Yunguo"]
[Black "Schmitt, Andre"]
[Result "1-0"]
[WhiteElo "2504"]
[BlackElo "2301"]
[PlyCount "55"]

1. e4 c5 2. Nf3 Nc6 3. Bb5 Na5 4. c3 a6 5. Ba4 e6 6. O-O b5 7. Bc2 Bb7 8. d4
cxd4 9. cxd4 Rc8 10. Nc3 Qc7 11. Bd3 d6 12. a4 b4 13. Ne2 Nf6 14. Ng3 Be7 15.
Bg5 h6 16. Bxf6 gxf6 17. Nh5 Qb6 18. Re1 Rg8 19. Rc1 Rxc1 20. Qxc1 Nc6 21. d5
exd5 22. exd5 Ne5 23. Be4 f5 24. Nxe5 fxe4 25. Nc6 f5 26. Nxe7 Kxe7 27. Qxh6
Bxd5 28. Qf6+ 1-0

[Event "Cappelle-la-Grande 2014"]
[Site "Cappelle-la-Grande (FRA)"]
[Date "????.??.??"]
[Round "9.46"]
[White "Barbosa, Evandro Amorim"]
[Black "Decoster, Frederic"]
[Result "1-0"]
[WhiteElo "2459"]
[BlackElo "2300"]
[PlyCount "59"]

1. e4 c5 2. Nf3 d6 3. Bb5+ Nd7 4. d4 Ngf6 5. O-O cxd4 6. Qxd4 e5 7. Qd3 h6 8.
c4 Be7 9. Nc3 O-O 10. Bxd7 Bxd7 11. Rd1 Qb8 12. a4 a5 13. b3 Rd8 14. Ba3 Be6
15. Nd2 Nd7 16. Nf1 Ra6 17. Ne3 Rc6 18. Ned5 Bf8 19. Qe3 Re8 20. Rd2 g6 21.
Rad1 Kg7 22. Nb5 b6 23. g3 Nc5 24. Bb2 f6 25. f4 Bxd5 26. Rxd5 exf4 27. Qxf4
Qd8 28. Nxd6 Bxd6 29. Rxd6 Rxd6 30. Rxd6 1-0

[Event "Cappelle-la-Grande 2014"]
[Site "Cappelle-la-Grande (FRA)"]
[Date "????.??.??"]
[Round "9.47"]
[White "Collas, Silvia"]
[Black "Georgiadis, Nico"]
[Result "1/2-1/2"]
[WhiteElo "2260"]
[BlackElo "2441"]
[PlyCount "40"]

1. c4 e6 2. g3 d5 3. Nf3 d4 4. Bg2 c5 5. b4 cxb4 6. a3 a5 7. O-O Nc6 8. d3 Nf6
9. Bb2 Be7 10. axb4 Bxb4 11. Na3 e5 12. Nc2 Bd6 13. Ba3 O-O 14. Qb1 Bxa3 15.
Rxa3 Qe7 16. Nd2 Bf5 17. Qb5 Bd7 18. Qb2 Rfb8 19. Rfa1 b6 20. e3 dxe3 1/2-1/2

[Event "Open International de Cappelle-la-Grand"]
[Site "Cappelle-la-Grande"]
[Date "2014.03.02"]
[Round "2.1"]
[White "Ding, Liren"]
[Black "Gao, Rui"]
[Result "1-0"]
[WhiteElo "2717"]
[BlackElo "2468"]
[PlyCount "80"]
[EventDate "2014.??.??"]
[TimeControl "6000+1850"]
[WhiteClock "0:38:01"]
[BlackClock "0:30:31"]

1. Nf3 Nf6 2. c4 g6 3. d4 Bg7 4. g3 d5 5. cxd5 Nxd5 6. Bg2 Nb6 7. Nc3 Nc6 8. e3
O-O 9. O-O Re8 10. h3 a5 11. Rb1 Be6 12. Nd2 Nb4 13. a3 Nd3 14. Qe2 Nxc1 15.
Rbxc1 c6 16. Rfd1 Rb8 17. Nce4 Bd5 18. Nc5 Bxg2 19. Kxg2 Qc7 20. f4 Red8 21.
Nf3 Nd7 22. Ne4 Qb6 23. g4 Rbc8 24. g5 Qb3 25. h4 Qe6 26. Nf2 Nb6 27. e4 f5 28.
gxf6 exf6 29. Rc5 f5 30. Ng5 Qe7 31. e5 Rxd4 32. Rxc6 Rxf4 33. Rxc8+ Nxc8 34.
Qd2 Qxe5 35. Qd8+ Bf8 36. Qxc8 Qxb2 37. Qe6+ Kh8 38. Qe3 Rg4+ 39. Kh3 f4 40.
Rd8 Qf6 1-0

[Event "Open International de Cappelle-la-Grand"]
[Site "Cappelle-la-Grande"]
[Date "2014.03.02"]
[Round "2.2"]
[White "Vishnu Prasanna, V."]
[Black "Iturrizaga, Eduardo"]
[Result "1/2-1/2"]
[WhiteElo "2462"]
[BlackElo "2645"]
[PlyCount "45"]
[EventDate "2014.??.??"]
[TimeControl "6000+1605"]
[WhiteClock "0:32:56"]
[BlackClock "0:25:02"]

1. e4 c5 2. Nc3 e6 3. Nf3 Nc6 4. d4 cxd4 5. Nxd4 Qc7 6. Be3 Nf6 7. f4 Nxd4 8.
Qxd4 b6 9. e5 Ng4 10. Bg1 Bb7 11. O-O-O Rc8 12. Qd3 Bc6 13. Bd4 Nh6 14. Rg1 Nf5
15. Bf2 h5 16. Be2 b5 17. Kb1 Qb7 18. Bf3 Bxf3 19. gxf3 a6 20. Ne4 h4 21. Rd2
Bb4 22. c3 Be7 23. Rc1 1/2-1/2

[Event "Open International de Cappelle-la-Grand"]
[Site "Cappelle-la-Grande"]
[Date "2014.03.02"]
[Round "2.3"]
[White "Negi, Parimarjan"]
[Black "Barbosa, Evandro Amorim"]
[Result "1/2-1/2"]
[WhiteElo "2638"]
[BlackElo "2459"]
[PlyCount "73"]
[EventDate "2014.??.??"]
[TimeControl "6000+935"]
[WhiteClock "0:03:25"]
[BlackClock "0:04:44"]

1. e4 c5 2. Nf3 e6 3. d4 cxd4 4. Nxd4 Nc6 5. Nc3 Qc7 6. Be3 a6 7. Qd2 Nf6 8.
O-O-O Bb4 9. f3 O-O 10. g4 b5 11. g5 Nh5 12. a3 Be7 13. Nxc6 dxc6 14. Qf2 e5
15. Ne2 Be6 16. Qh4 g6 17. Bh3 Bxh3 18. Qxh3 Rfd8 19. Qg4 Qa5 20. Rxd8+ Rxd8
21. Rd1 Rxd1+ 22. Kxd1 Qc7 23. h4 a5 24. Kc1 Qb7 25. f4 exf4 26. Nxf4 Nxf4 27.
Bxf4 c5 28. Be5 Qc6 29. Qf4 b4 30. Bf6 Bd6 31. Qd2 c4 32. axb4 axb4 33. Qd4 Bf8
34. Qd5 Qc8 35. c3 b3 36. Kd2 Qc7 37. Be5 1/2-1/2

[Event "Open International de Cappelle-la-Grand"]
[Site "Cappelle-la-Grande"]
[Date "2014.03.02"]
[Round "2.4"]
[White "Sharif, Mehrshad"]
[Black "Gupta, Abhijeet"]
[Result "0-1"]
[WhiteElo "2444"]
[BlackElo "2630"]
[PlyCount "74"]
[EventDate "2014.??.??"]
[TimeControl "6000+1620"]
[WhiteClock "0:03:28"]
[BlackClock "0:08:58"]

1. d4 Nf6 2. c4 e6 3. Nf3 c5 4. d5 exd5 5. cxd5 d6 6. Nc3 g6 7. Bf4 Bg7 8. e3
O-O 9. h3 Re8 10. Nd2 Na6 11. Bxa6 bxa6 12. O-O a5 13. Re1 Ba6 14. Qc2 Rb8 15.
Rad1 Rb4 16. a3 Rb7 17. b3 Qb8 18. Rb1 Rd7 19. Nc4 Qd8 20. Red1 Nh5 21. Bh2 f5
22. Ne2 Rf8 23. a4 g5 24. Qd2 f4 25. exf4 Qf6 26. f5 Qxf5 27. Ng3 Nxg3 28. Bxg3
Bd4 29. Ne3 Qg6 30. Nc2 Bf6 31. Ne3 h5 32. Qxa5 Be2 33. Re1 h4 34. Bh2 Bd4 35.
Qd2 Bh5 36. f3 Re7 37. Kh1 Bxe3 0-1

[Event "Open International de Cappelle-la-Grand"]
[Site "Cappelle-la-Grande"]
[Date "2014.03.02"]
[Round "2.5"]
[White "Sumets, Andrey"]
[Black "Sergeev, Vladimir"]
[Result "1/2-1/2"]
[WhiteElo "2628"]
[BlackElo "2439"]
[PlyCount "95"]
[EventDate "2014.??.??"]
[TimeControl "6000+1235"]
[WhiteClock "0:16:58"]
[BlackClock "0:27:24"]

1. d4 Nf6 2. c4 e6 3. Nf3 b6 4. g3 Bb4+ 5. Bd2 Bxd2+ 6. Qxd2 Ba6 7. b3 c6 8.
Bg2 d5 9. O-O O-O 10. Rc1 Nbd7 11. a4 Qe7 12. Qb2 Qb4 13. Na3 Rfc8 14. Nc2 Qe7
15. Ne3 Rab8 16. a5 b5 17. cxd5 cxd5 18. Ne5 Bb7 19. Nc2 a6 20. Ne1 Qb4 21.
N5d3 Qe7 22. Nf3 Ne4 23. Nfe5 Nef6 24. b4 h6 25. Nc5 Nxc5 26. Rxc5 Nd7 27. Nxd7
Qxd7 28. Rac1 Rxc5 29. dxc5 Rc8 30. Rd1 Qc7 31. e3 Bc6 32. h4 Rd8 33. f4 Re8
34. Qe5 Qxe5 35. fxe5 Rd8 36. Rd4 Kf8 37. e4 Ke7 38. Kf2 f6 39. exd5 exd5 40.
exf6+ Kxf6 41. Ke3 Ke5 42. Bf3 g5 43. hxg5 hxg5 44. Be2 Rh8 45. Rg4 Kf5 46. Rd4
Ke5 47. Rg4 Kf5 48. Rd4 1/2-1/2

[Event "Open International de Cappelle-la-Grand"]
[Site "Cappelle-la-Grande"]
[Date "2014.03.02"]
[Round "2.6"]
[White "Nestorovic, Nikola"]
[Black "Ganguly, Surya Shekhar"]
[Result "0-1"]
[WhiteElo "2434"]
[BlackElo "2623"]
[PlyCount "126"]
[EventDate "2014.??.??"]
[TimeControl "6000+1445"]
[WhiteClock "0:03:25"]
[BlackClock "0:17:47"]

1. e4 e6 2. d4 d5 3. Nc3 Bb4 4. exd5 exd5 5. Bd3 c6 6. Nge2 Ne7 7. Ng3 O-O 8.
O-O Ng6 9. Nce2 Bd6 10. Nf5 Bxf5 11. Bxf5 Nd7 12. g3 Re8 13. Nc3 Ngf8 14. f4
Nf6 15. Qd3 Qb6 16. Bh3 Ne6 17. Ne2 c5 18. c3 cxd4 19. cxd4 Rac8 20. b3 Qc6 21.
f5 Nc7 22. Bg5 Qb5 23. Qxb5 Nxb5 24. Bxf6 Rxe2 25. Bxg7 Rcc2 26. Bf6 Rxh2 27.
Rac1 Nc3 28. Rxc2 Rxc2 29. Bg4 Bxg3 30. Be5 Ne4 31. f6 Bf2+ 32. Kh1 Be3 33. Bf5
h5 34. Bxe4 dxe4 35. Re1 Rc1 36. Rxc1 Bxc1 37. d5 Kf8 38. Kg2 Ke8 39. Kg3 Kd7
40. Kh4 Bd2 41. Kxh5 e3 42. Bf4 Bc1 43. Bg3 e2 44. Be1 Kd6 45. Kg4 Kxd5 46. Kf3
Bb2 47. Kxe2 Ke4 48. Bh4 Kf4 49. Kd3 a6 50. Kc4 Kg4 51. Be1 Bxf6 52. Kc5 Bh4
53. Bd2 Bg5 54. Bc3 Be3+ 55. Kd6 f5 56. Kc7 b6 57. Kb7 a5 58. b4 axb4 59. Bxb4
f4 60. a4 f3 61. Be1 Kh3 62. Kc6 Kg2 63. Bh4 Bg5 0-1

[Event "Open International de Cappelle-la-Grand"]
[Site "Cappelle-la-Grande"]
[Date "2014.03.02"]
[Round "2.7"]
[White "Danin, Alexandre"]
[Black "Stella, Andrea"]
[Result "1-0"]
[WhiteElo "2606"]
[BlackElo "2434"]
[PlyCount "107"]
[EventDate "2014.??.??"]
[TimeControl "6000+1065"]
[WhiteClock "0:01:15"]
[BlackClock "0:00:45"]

1. e4 c5 2. Nf3 Nc6 3. d4 cxd4 4. Nxd4 e5 5. Nb5 d6 6. N1c3 a6 7. Na3 Be7 8.
Nc4 b5 9. Ne3 Nf6 10. g3 h5 11. Bg2 h4 12. Ncd5 h3 13. Nxf6+ Bxf6 14. Bf3 Nd4
15. O-O O-O 16. Bh1 b4 17. Nd5 a5 18. c3 bxc3 19. bxc3 Ne6 20. Ba3 Ra6 21. Rb1
Nc7 22. Nb6 Nb5 23. Rxb5 Rxb6 24. Rxa5 Be6 25. Bb4 Qb8 26. Bf3 Qb7 27. Re1 Rd8
28. a3 Qc8 29. Qd3 Bg5 30. Be2 Kh8 31. f4 Bh6 32. f5 Bd7 33. Bf1 Bc6 34. Bxh3
Qb7 35. Bg2 Bb5 36. Qf3 Rc8 37. Kh1 Rbc6 38. Rd1 Qb6 39. Bf1 Bxf1 40. Qxf1 Rxc3
41. Bxc3 Rxc3 42. Rad5 Rc2 43. Rxd6 Qe3 44. R6d3 Qxe4+ 45. Qf3 Qxf3+ 46. Rxf3
e4 47. Rb3 Bd2 48. Rb8+ Kh7 49. Re8 e3 50. Re4 Kh6 51. h4 Kh5 52. Kg2 Bc1+ 53.
Kh3 Bd2 54. Re8 1-0

[Event "Open International de Cappelle-la-Grand"]
[Site "Cappelle-la-Grande"]
[Date "2014.03.02"]
[Round "2.8"]
[White "Velten, Paul"]
[Black "Vovk, Andrey"]
[Result "0-1"]
[WhiteElo "2429"]
[BlackElo "2605"]
[PlyCount "64"]
[EventDate "2014.??.??"]
[TimeControl "6000+920"]
[WhiteClock "0:43:22"]
[BlackClock "0:43:47"]

1. d4 Nf6 2. Nf3 g6 3. c4 Bg7 4. Nc3 O-O 5. e4 d6 6. Be3 c5 7. d5 b5 8. cxb5 a6
9. a4 Nbd7 10. h3 Qa5 11. Nd2 Nb6 12. Nb3 Qb4 13. a5 Nxe4 14. axb6 Nxc3 15.
bxc3 Bxc3+ 16. Nd2 Bxa1 17. Qxa1 f6 18. Bc4 Bb7 19. bxa6 Bxa6 20. Bxa6 Qxb6 21.
O-O Rxa6 22. Qe1 Kg7 23. Bf4 Qb7 24. Qe6 Ra4 25. Be3 Rd8 26. Rb1 Qd7 27. Kf1
Qxe6 28. dxe6 Rda8 29. Ke2 f5 30. g3 Kf6 31. Nf3 Ra2+ 32. Bd2 R8a3 0-1

[Event "Open International de Cappelle-la-Grand"]
[Site "Cappelle-la-Grande"]
[Date "2014.03.02"]
[Round "2.9"]
[White "Carmaciu, Lucian-Catalin"]
[Black "Kravtsiv, Martyn"]
[Result "1-0"]
[WhiteElo "2423"]
[BlackElo "2601"]
[PlyCount "71"]
[EventDate "2014.??.??"]
[TimeControl "6000+1200"]
[WhiteClock "0:01:55"]
[BlackClock "0:00:50"]

1. e4 e5 2. Nf3 Nc6 3. Bc4 Nf6 4. d3 Be7 5. O-O O-O 6. Re1 d6 7. h3 Na5 8. Nc3
Kh8 9. a4 c5 10. Ng5 Nxc4 11. dxc4 h6 12. Nf3 Nh7 13. Nd2 f5 14. exf5 Bxf5 15.
Nde4 Qd7 16. b3 Rf7 17. Ng3 Be6 18. Nce4 Raf8 19. Be3 Nf6 20. Qd3 Nxe4 21. Nxe4
Bxh3 22. gxh3 Qxh3 23. Qf1 Qh4 24. Qg2 Rf3 25. Bd2 g5 26. Re3 g4 27. Rae1 R8f4
28. Rd3 Rf5 29. Qh2 Rh3 30. Rxh3 gxh3 31. Qg3 Qh5 32. Re3 Rf4 33. f3 Rf8 34.
Kh2 Bh4 35. Qxh3 Rg8 36. Re2 1-0

[Event "Open International de Cappelle-la-Grand"]
[Site "Cappelle-la-Grande"]
[Date "2014.03.02"]
[Round "2.10"]
[White "Fier, Alexandr"]
[Black "Kristiansen, Jens"]
[Result "1-0"]
[WhiteElo "2595"]
[BlackElo "2419"]
[PlyCount "67"]
[EventDate "2014.??.??"]
[TimeControl "6000+960"]
[WhiteClock "0:48:33"]
[BlackClock "0:02:01"]

1. d4 g6 2. c4 Bg7 3. e4 d6 4. Nc3 Nd7 5. Be2 e5 6. Nf3 Ngf6 7. O-O O-O 8. Be3
c6 9. d5 Ng4 10. Bg5 f6 11. Bd2 Qe7 12. Qc1 f5 13. b4 Ndf6 14. exf5 gxf5 15.
dxc6 e4 16. cxb7 Bxb7 17. Nh4 e3 18. fxe3 Qe5 19. g3 Ne4 20. Nxe4 Bxe4 21. Qa3
Rae8 22. Rae1 Bh6 23. Qb3 Qg7 24. c5+ d5 25. Bf3 Qe5 26. Bc3 Qe6 27. Bd4 Bg5
28. Ng2 Bxf3 29. Rxf3 Qe4 30. Ref1 Bf6 31. Bxf6 Rxf6 32. Rf4 Qe6 33. e4 fxe4
34. Rxg4+ 1-0

[Event "Open International de Cappelle-la-Grand"]
[Site "Cappelle-la-Grande"]
[Date "2014.03.02"]
[Round "2.11"]
[White "Lazarev, Vladimir"]
[Black "Vorobiov, Evgeny E"]
[Result "0-1"]
[WhiteElo "2422"]
[BlackElo "2590"]
[PlyCount "134"]
[EventDate "2014.??.??"]
[TimeControl "6000+835"]
[WhiteClock "0:01:03"]
[BlackClock "0:02:34"]

1. d4 Nf6 2. c4 e6 3. Nc3 Bb4 4. Qc2 c5 5. dxc5 Qc7 6. a3 Bxc5 7. Nf3 a6 8. e3
b6 9. Bd3 Bb7 10. b3 Be7 11. Bb2 d6 12. Ne4 Nbd7 13. Nxf6+ Bxf6 14. Bxf6 gxf6
15. Be4 d5 16. cxd5 Qxc2 17. Bxc2 Bxd5 18. e4 Bb7 19. O-O-O Rc8 20. Rhe1 Ke7
21. Kb2 Rc7 22. Nd4 Rg8 23. g3 h5 24. h4 Ne5 25. f4 Ng4 26. Rd2 Nh6 27. Re3 Rd8
28. Nf3 Ng4 29. Ree2 Rdc8 30. Nd4 a5 31. Nb5 Rc5 32. a4 Ba6 33. Bd3 Rd8 34. Bc4
Ne3 35. Rxd8 Nxc4+ 36. bxc4 Kxd8 37. Kb3 Ke7 38. Re3 Rc8 39. Re1 Rg8 40. Re3
Rd8 41. Nc7 Bb7 42. Nb5 Rd1 43. e5 fxe5 44. fxe5 Rb1+ 45. Ka3 Bc6 46. Rc3 Bd7
47. Re3 f6 48. exf6+ Kxf6 49. Nc3 Rb4 50. c5 Bc6 51. cxb6 Rxb6 52. Rd3 Ke5 53.
Rd8 Rb4 54. Rc8 Bd5 55. Nxd5 exd5 56. Rh8 d4 57. Rxh5+ Ke4 58. Rxa5 d3 59. Kxb4
d2 60. Rg5 d1=Q 61. a5 Qd3 62. Kc5 Qa6 63. Kb4 Qc6 64. Rc5 Qb7+ 65. Kc4 Qa6+
66. Rb5 Qc6+ 67. Rc5 Qa4+ 0-1

[Event "Open International de Cappelle-la-Grand"]
[Site "Cappelle-la-Grande"]
[Date "2014.03.02"]
[Round "2.12"]
[White "Vazquez Igarza, Renier"]
[Black "Terrieux, Kevin"]
[Result "1/2-1/2"]
[WhiteElo "2577"]
[BlackElo "2418"]
[PlyCount "82"]
[EventDate "2014.??.??"]
[TimeControl "6000+1595"]
[WhiteClock "0:45:20"]
[BlackClock "0:33:14"]

1. Nf3 Nf6 2. c4 b6 3. g3 Bb7 4. Bg2 g6 5. O-O Bg7 6. d4 O-O 7. Re1 e6 8. b3 c5
9. Bb2 d6 10. Nc3 Ne4 11. Qd3 Nxc3 12. Bxc3 cxd4 13. Nxd4 Bxg2 14. Kxg2 d5 15.
Red1 dxc4 16. Qxc4 Qc8 17. Qxc8 Rxc8 18. Rac1 Na6 19. Nb5 Bxc3 20. Nxc3 Rc5 21.
Ne4 Rxc1 22. Rxc1 Rd8 23. a3 Kg7 24. b4 Rd7 25. Rc8 Nc7 26. Nd6 Rxd6 27. Rxc7
a6 28. Ra7 b5 29. f4 Rc6 30. Kf2 h5 31. h3 Kf6 32. e3 e5 33. Kf3 exf4 34. gxf4
Ke6 35. Ke4 Rd6 36. Kf3 f5 37. Ke2 Kf6 38. Rc7 Ke6 39. Rc5 Kf6 40. h4 Ke6 41.
Rc7 Kf6 1/2-1/2

[Event "Open International de Cappelle-la-Grand"]
[Site "Cappelle-la-Grande"]
[Date "2014.03.03"]
[Round "3.1"]
[White "Ding, Liren"]
[Black "Papin, Vasily"]
[Result "1/2-1/2"]
[WhiteElo "2717"]
[BlackElo "2515"]
[PlyCount "47"]
[EventDate "2014.??.??"]
[TimeControl "6000+1380"]
[WhiteClock "0:28:53"]
[BlackClock "0:29:25"]

1. d4 Nf6 2. c4 e6 3. Nf3 b6 4. g3 Ba6 5. Qc2 c5 6. d5 exd5 7. cxd5 g6 8. Nc3
Bg7 9. Bg2 O-O 10. O-O d6 11. Bf4 b5 12. Ng5 Nh5 13. Ne6 fxe6 14. dxe6 Nxf4 15.
gxf4 b4 16. Nd1 Nc6 17. Bxc6 Rb8 18. Qe4 Qe7 19. Ne3 Bc8 20. f5 Kh8 21. Bd5
Qg5+ 22. Qg2 Qxg2+ 23. Kxg2 gxf5 24. Rad1 1/2-1/2

[Event "Open International de Cappelle-la-Grand"]
[Site "Cappelle-la-Grande"]
[Date "2014.03.03"]
[Round "3.2"]
[White "Gupta, Abhijeet"]
[Black "Lagarde, Maxime"]
[Result "1-0"]
[WhiteElo "2630"]
[BlackElo "2514"]
[PlyCount "141"]
[EventDate "2014.??.??"]
[TimeControl "6000+905"]
[WhiteClock "1:18:22"]
[BlackClock "0:49:56"]

1. d4 Nf6 2. c4 g6 3. Nc3 d5 4. Nf3 Bg7 5. cxd5 Nxd5 6. e4 Nxc3 7. bxc3 c5 8.
Be3 Qa5 9. Nd2 cxd4 10. Nc4 dxe3 11. Nxa5 Bxc3+ 12. Ke2 Bxa5 13. Kxe3 Bb6+ 14.
Kf3 Bd7 15. h4 Nc6 16. g3 f5 17. Kg2 fxe4 18. Bb5 Rf8 19. Rf1 O-O-O 20. Qa4 Rf5
21. Rad1 Rdf8 22. Rxd7 Rxf2+ 23. Kh3 Kxd7 24. Bxc6+ bxc6 25. Rd1+ Kc7 26. Qxe4
Bc5 27. Qe5+ Bd6 28. Qa5+ Kd7 29. Qxa7+ Ke8 30. a4 h5 31. a5 R8f3 32. Rxd6 exd6
33. Qc7 Ra3 34. Qb8+ Ke7 35. Qa7+ Ke6 36. Qxf2 Rxa5 37. Qf8 Rf5 38. Qe8+ Kf6
39. Qxc6 Kg7 40. Qxd6 Kh7 41. g4 hxg4+ 42. Kxg4 Kg7 43. Qe7+ Kg8 44. Qd7 Kh8
45. Qc7 Kg8 46. Qe7 Kh8 47. h5 Rxh5 48. Qf6+ Kh7 49. Qf7+ Kh6 50. Qg8 Rg5+ 51.
Kf4 Rf5+ 52. Ke4 Kg5 53. Qh8 Rf7 54. Ke5 Rf5+ 55. Ke6 Rf4 56. Qh3 Rf6+ 57. Ke7
Rf5 58. Qh2 Rf4 59. Qg3+ Kf5 60. Kf7 g5 61. Qd3+ Re4 62. Qf3+ Rf4 63. Qd5+ Kg4+
64. Kg6 Kh3 65. Qh1+ Kg3 66. Qg1+ Kh3 67. Kxg5 Rf2 68. Qg4+ Kh2 69. Kh4 Kh1 70.
Qe4+ Kh2 71. Kg4 1-0

[Event "Open International de Cappelle-la-Grand"]
[Site "Cappelle-la-Grande"]
[Date "2014.03.03"]
[Round "3.3"]
[White "Ganguly, Surya Shekhar"]
[Black "Carmaciu, Lucian-Catalin"]
[Result "1-0"]
[WhiteElo "2623"]
[BlackElo "2423"]
[PlyCount "47"]
[EventDate "2014.??.??"]
[TimeControl "6000+1145"]
[WhiteClock "0:43:10"]
[BlackClock "0:46:30"]

1. e4 c5 2. Nf3 e6 3. d4 cxd4 4. Nxd4 a6 5. Be2 b5 6. a4 b4 7. Nd2 Bb7 8. O-O
Qc7 9. Re1 Nf6 10. e5 Nd5 11. Nc4 Nb6 12. Nd6+ Bxd6 13. exd6 Qxd6 14. Nxe6 Qxd1
15. Nxg7+ Kf8 16. Rxd1 Kxg7 17. Rd6 f6 18. Rxb6 Re8 19. Be3 Be4 20. Rxb4 Bxc2
21. Rc1 Bf5 22. Rf4 Be6 23. Bd4 Rf8 24. Rc3 1-0

[Event "Open International de Cappelle-la-Grand"]
[Site "Cappelle-la-Grande"]
[Date "2014.03.03"]
[Round "3.4"]
[White "Hasangatin, Ramil"]
[Black "Danin, Alexandre"]
[Result "1/2-1/2"]
[WhiteElo "2494"]
[BlackElo "2606"]
[PlyCount "40"]
[EventDate "2014.??.??"]
[TimeControl "6000+1160"]
[WhiteClock "0:54:09"]
[BlackClock "0:52:35"]

1. e4 e6 2. d4 d5 3. Nd2 Nf6 4. e5 Nfd7 5. Bd3 c5 6. c3 Nc6 7. Ne2 cxd4 8. cxd4
f6 9. exf6 Nxf6 10. Nf3 Bd6 11. O-O O-O 12. Bf4 Bxf4 13. Nxf4 Qd6 14. g3 Qb4
15. b3 Bd7 16. Re1 Rae8 17. Rc1 Qb6 18. Qd2 Re7 19. Bb1 g5 20. Rxc6 bxc6
1/2-1/2

[Event "Open International de Cappelle-la-Grand"]
[Site "Cappelle-la-Grande"]
[Date "2014.03.03"]
[Round "3.5"]
[White "Vovk, Andrey"]
[Black "Kukov, Velislav"]
[Result "1-0"]
[WhiteElo "2605"]
[BlackElo "2399"]
[PlyCount "55"]
[EventDate "2014.??.??"]
[TimeControl "6000+1055"]
[WhiteClock "0:24:47"]
[BlackClock "0:04:16"]

1. e4 c6 2. Nc3 d5 3. d4 dxe4 4. Nxe4 Bf5 5. Ng3 Bg6 6. Nh3 e6 7. Nf4 Bd6 8. c3
Nf6 9. h4 Bxf4 10. Bxf4 h6 11. Qb3 Qe7 12. h5 Bh7 13. Be2 O-O 14. O-O Rd8 15.
Rfe1 a5 16. Bf3 Nd5 17. Bd2 a4 18. Qc4 Nd7 19. Qe2 N7f6 20. Nf1 b5 21. b3 Rdc8
22. Rec1 Ra6 23. c4 bxc4 24. bxc4 Nb4 25. c5 Bd3 26. Qd1 Qb7 27. Bxb4 Bxf1 28.
Qxf1 1-0